Oh the Places You'll Go! Quiz Stats

 Plays Quiz not verified by Sporcle

Support Sporcle.
Go Orange.
Score 0/114 Timer 15:00
0 Plays Today
Starting Location Country % Correct
London, UK, 51 Degrees, 30 minutes North, Heading EastNetherlands
83.7%
London, UK, 51 Degrees, 30 minutes North, Heading EastBelgium (Just barely, the Northernmost point in Belgium is the city of Dreef, at 51 Degrees, 30 minutes north)
74.4%
Chicago, USA, 87 Degrees, 38 minutes West, Heading SouthMexico (Hope you enjoyed your swim across the Gulf of Mexico!)
72.1%
London, UK, 51 Degrees, 30 minutes North, Heading EastGermany
62.8%
London, UK, 51 Degrees, 30 minutes North, Heading EastNetherlands
62.8%
London, UK, 51 Degrees, 30 minutes North, Heading EastPoland
62.8%
London, UK, 51 Degrees, 30 minutes North, Heading EastUkraine
58.1%
London, UK, 51 Degrees, 30 minutes North, Heading EastBelarus
58.1%
London, UK, 51 Degrees, 30 minutes North, Heading EastUkraine
58.1%
London, UK, 51 Degrees, 30 minutes North, Heading EastBelarus
58.1%
London, UK, 51 Degrees, 30 minutes North, Heading EastUkraine
58.1%
London, UK, 51 Degrees, 30 minutes North, Heading EastBelarus
58.1%
London, UK, 51 Degrees, 30 minutes North, Heading EastUkraine
55.8%
London, UK, 51 Degrees, 30 minutes North, Heading EastBelarus
55.8%
London, UK, 51 Degrees, 30 minutes North, Heading EastUkraine (Those curving borders are a pain sometimes
55.8%
London, UK, 51 Degrees, 30 minutes North, Heading EastRussia
55.8%
London, UK, 51 Degrees, 30 minutes North, Heading EastKazakhstan
55.8%
London, UK, 51 Degrees, 30 minutes North, Heading EastRussia
55.8%
Chicago, USA, 87 Degrees, 38 minutes West, Heading SouthHonduras (for those of you frantically typing in Belize, it just misses it)
55.8%
Chicago, USA, 87 Degrees, 38 minutes West, Heading SouthNicaragua (next thing you encounter is Antactica)
55.8%
Cape Town, South Africa, 18 Degrees, 30 minutes East, heading NorthAngola
55.8%
Cape Town, South Africa, 18 Degrees, 30 minutes East, heading NorthNamibia
55.8%
London, UK, 51 Degrees, 30 minutes North, Heading EastMongolia
53.5%
London, UK, 51 Degrees, 30 minutes North, Heading EastRussia
53.5%
Cape Town, South Africa, 18 Degrees, 30 minutes East, heading NorthDemocratic Republic of the Congo
53.5%
Cape Town, South Africa, 18 Degrees, 30 minutes East, heading NorthRepublic of the Congo
51.2%
Singapore, Singapore, 1 Degree, 15 minutes North, heading WestMalaysia
48.8%
Cape Town, South Africa, 18 Degrees, 30 minutes East, heading NorthLibya
46.5%
Cape Town, South Africa, 18 Degrees, 30 minutes East, heading NorthItaly (Just barely, as the Easternmost point in Italy is the Cape D'Otranto, at 18 Degrees, 31 Minutes East)
46.5%
Cape Town, South Africa, 18 Degrees, 30 minutes East, heading NorthCroatia
46.5%
Taipei, Taiwan, 25 Degrees North, heading WestChina
46.5%
Buenos Aires, Argentina, 58 Degrees, 22 minutes West, Heading NorthUruguay
46.5%
Cape Town, South Africa, 18 Degrees, 30 minutes East, heading NorthCentral African Republic
44.2%
Cape Town, South Africa, 18 Degrees, 30 minutes East, heading NorthChad
44.2%
Buenos Aires, Argentina, 58 Degrees, 22 minutes West, Heading NorthArgentina
44.2%
Buenos Aires, Argentina, 58 Degrees, 22 minutes West, Heading NorthParaguay
44.2%
Buenos Aires, Argentina, 58 Degrees, 22 minutes West, Heading NorthParaguay
44.2%
Buenos Aires, Argentina, 58 Degrees, 22 minutes West, Heading NorthArgentina
44.2%
Starting Location Country % Correct
Buenos Aires, Argentina, 58 Degrees, 22 minutes West, Heading NorthBolivia
44.2%
Cape Town, South Africa, 18 Degrees, 30 minutes East, heading NorthMontenegro
41.9%
Cape Town, South Africa, 18 Degrees, 30 minutes East, heading NorthBosnia Herzegovina
41.9%
Cape Town, South Africa, 18 Degrees, 30 minutes East, heading NorthPoland
41.9%
Singapore, Singapore, 1 Degree, 15 minutes North, heading WestIndonesia (now swim the Indian Ocean)
41.9%
Buenos Aires, Argentina, 58 Degrees, 22 minutes West, Heading NorthBrazil
41.9%
Bogota, Colombia, 4 Degrees, 36 Minutes North, heading EastVenezuela
41.9%
Bogota, Colombia, 4 Degrees, 36 Minutes North, heading EastBrazil
41.9%
Cape Town, South Africa, 18 Degrees, 30 minutes East, heading NorthHungary
39.5%
Cape Town, South Africa, 18 Degrees, 30 minutes East, heading NorthSlovakia
39.5%
Cape Town, South Africa, 18 Degrees, 30 minutes East, heading NorthCzech Republic
39.5%
Bogota, Colombia, 4 Degrees, 36 Minutes North, heading EastGuyana
39.5%
Cape Town, South Africa, 18 Degrees, 30 minutes East, heading NorthMontenegro
37.2%
Cape Town, South Africa, 18 Degrees, 30 minutes East, heading NorthBosnia Herzegovina
37.2%
Cape Town, South Africa, 18 Degrees, 30 minutes East, heading NorthCroatia
37.2%
Cape Town, South Africa, 18 Degrees, 30 minutes East, heading NorthSweden
37.2%
Cape Town, South Africa, 18 Degrees, 30 minutes East, heading NorthNorway
37.2%
Singapore, Singapore, 1 Degree, 15 minutes North, heading WestSomalia (hope you waved at the locals in Maldives, because you swam right between two of the islands)
37.2%
Singapore, Singapore, 1 Degree, 15 minutes North, heading WestUganda
37.2%
Singapore, Singapore, 1 Degree, 15 minutes North, heading WestKenya
37.2%
Singapore, Singapore, 1 Degree, 15 minutes North, heading WestDemocratic Republic of the Congo
37.2%
Singapore, Singapore, 1 Degree, 15 minutes North, heading WestRepublic of the Congo
37.2%
Singapore, Singapore, 1 Degree, 15 minutes North, heading WestGabon
37.2%
Taipei, Taiwan, 25 Degrees North, heading WestIndia
37.2%
Taipei, Taiwan, 25 Degrees North, heading WestBangladesh
37.2%
Taipei, Taiwan, 25 Degrees North, heading WestIndia
37.2%
Taipei, Taiwan, 25 Degrees North, heading WestPakistan
37.2%
Islamabad, Pakistan, 73 Degrees East, Heading NorthAfghanistan (although border disputes could mean India)
37.2%
Bogota, Colombia, 4 Degrees, 36 Minutes North, heading EastSuriname
37.2%
Bogota, Colombia, 4 Degrees, 36 Minutes North, heading EastFrance (French Guyana)
37.2%
Saint Petersburg, Russia, 30 Degrees, 18 Minutes East, heading SouthBelarus
37.2%
Saint Petersburg, Russia, 30 Degrees, 18 Minutes East, heading SouthUkraine
37.2%
Saint Petersburg, Russia, 30 Degrees, 18 Minutes East, heading SouthTurkey
37.2%
Taipei, Taiwan, 25 Degrees North, heading WestMyanmar
34.9%
Buenos Aires, Argentina, 58 Degrees, 22 minutes West, Heading NorthBolivia
34.9%
Buenos Aires, Argentina, 58 Degrees, 22 minutes West, Heading NorthBrazil
34.9%
Islamabad, Pakistan, 73 Degrees East, Heading NorthTajikistan
34.9%
Islamabad, Pakistan, 73 Degrees East, Heading NorthKyrgyzstan (To be honest, this is the only reason I chose Islamabad)
34.9%
Starting Location Country % Correct
Paris, France, 2 Degrees, 21 Minutes East, heading SouthSpain
34.9%
Singapore, Singapore, 1 Degree, 15 minutes North, heading WestRepublic of the Congo
32.6%
Buenos Aires, Argentina, 58 Degrees, 22 minutes West, Heading NorthGuyana
32.6%
Islamabad, Pakistan, 73 Degrees East, Heading NorthUzbekistan (Easternmost point is 73 Degrees, 20 Minutes East)
32.6%
Islamabad, Pakistan, 73 Degrees East, Heading NorthKyrgyzstan (Twice is nice)
32.6%
Islamabad, Pakistan, 73 Degrees East, Heading NorthKazakhstan
32.6%
Islamabad, Pakistan, 73 Degrees East, Heading NorthRussia
32.6%
Paris, France, 2 Degrees, 21 Minutes East, heading SouthMali
32.6%
Paris, France, 2 Degrees, 21 Minutes East, heading SouthNiger
32.6%
Singapore, Singapore, 1 Degree, 15 minutes North, heading WestGabon
30.2%
Saint Petersburg, Russia, 30 Degrees, 18 Minutes East, heading SouthEgypt
30.2%
Saint Petersburg, Russia, 30 Degrees, 18 Minutes East, heading SouthSudan (South Sudan coming July 9th)
30.2%
Paris, France, 2 Degrees, 21 Minutes East, heading SouthAlgeria
30.2%
Singapore, Singapore, 1 Degree, 15 minutes North, heading WestEquatorial Guinea (and if you keep going, you would go just to the South of Sao Tome and Principe)
27.9%
Taipei, Taiwan, 25 Degrees North, heading WestUnited Arab Emirates
27.9%
Taipei, Taiwan, 25 Degrees North, heading WestOman (You just clip the corner)
27.9%
Taipei, Taiwan, 25 Degrees North, heading WestSaudi Arabia
27.9%
Taipei, Taiwan, 25 Degrees North, heading WestEgypt
27.9%
Taipei, Taiwan, 25 Degrees North, heading WestLibya
27.9%
Taipei, Taiwan, 25 Degrees North, heading WestAlgeria
27.9%
Taipei, Taiwan, 25 Degrees North, heading WestMauritania (shares the border with Mali)
27.9%
Taipei, Taiwan, 25 Degrees North, heading WestMorocco
27.9%
Paris, France, 2 Degrees, 21 Minutes East, heading SouthBenin
27.9%
Taipei, Taiwan, 25 Degrees North, heading WestUnited Arab Emirates
27.9%
Taipei, Taiwan, 25 Degrees North, heading WestQatar
25.6%
Saint Petersburg, Russia, 30 Degrees, 18 Minutes East, heading SouthDemocratic Republic of the Congo
25.6%
Saint Petersburg, Russia, 30 Degrees, 18 Minutes East, heading SouthUganda
25.6%
Saint Petersburg, Russia, 30 Degrees, 18 Minutes East, heading SouthRwanda
25.6%
Saint Petersburg, Russia, 30 Degrees, 18 Minutes East, heading SouthBurundi
25.6%
Paris, France, 2 Degrees, 21 Minutes East, heading SouthBurkina Faso (Just clips the East corner)
25.6%
Saint Petersburg, Russia, 30 Degrees, 18 Minutes East, heading SouthTanzania
23.3%
Saint Petersburg, Russia, 30 Degrees, 18 Minutes East, heading SouthDemocratic Republic of the Congo
23.3%
Saint Petersburg, Russia, 30 Degrees, 18 Minutes East, heading SouthZambia
23.3%
Saint Petersburg, Russia, 30 Degrees, 18 Minutes East, heading SouthMozambique
23.3%
Saint Petersburg, Russia, 30 Degrees, 18 Minutes East, heading SouthZambia
23.3%
Saint Petersburg, Russia, 30 Degrees, 18 Minutes East, heading SouthZimbabwe
23.3%
Saint Petersburg, Russia, 30 Degrees, 18 Minutes East, heading SouthSouth Africa
23.3%
Buenos Aires, Argentina, 58 Degrees, 22 minutes West, Heading NorthCanada (yes, you passed well East of everything in the Caribbean and even Bermuda)
18.6%

You're not logged in!

Compare scores with friends on all Sporcle quizzes.
OR
Log In

From the Vault

'T' in Europe

by Cortez

Now this looks like one fun 'T' party.
Remove Ads.
Support Sporcle.
Get the best of Sporcle when you Go Orange. This ad-free experience offers more features, more stats, and more fun while also helping to support Sporcle. Thank you for becoming a member.

Show Comments

Extras

Top Quizzes Today


Score Distribution

Your Account Isn't Verified!

In order to create a playlist on Sporcle, you need to verify the email address you used during registration. Go to your Sporcle Settings to finish the process.

Report this User

Report this user for behavior that violates our Community Guidelines.

Details: